Select the World Country - Statistics

General Stats
  • This quiz has been taken 199 times
    191 since last reset
  • The average score is 40 of 195
Answers on the Map
Answers color-coded by a green-red scale on the quiz's map according to % correct below.
 
Answer Stats
Answer % Correct
Algeria
55%
Albania
47%
Afghanistan
45%
Argentina
44%
Australia
42%
Canada
41%
Angola
36%
Brazil
36%
China
35%
USA
35%
India
34%
France
33%
Mexico
33%
Austria
32%
Japan
32%
Chile
31%
Germany
31%
Russia
31%
Armenia
30%
Egypt
28%
New Zealand
28%
Bahamas
27%
Cuba
27%
Morocco
27%
Portugal
27%
Spain
27%
Bangladesh
26%
Belarus
26%
Bolivia
26%
Iran
26%
Italy
26%
North Korea
26%
Paraguay
26%
Peru
26%
South Africa
26%
Cambodia
25%
Denmark
25%
Ecuador
25%
Indonesia
25%
Lesotho
25%
Mongolia
25%
Philippines
25%
Uruguay
25%
Andorra
24%
Central African Republic
24%
Colombia
24%
Iceland
24%
Kazakhstan
24%
Madagascar
24%
Norway
24%
Pakistan
24%
Poland
24%
Saudi Arabia
24%
Sweden
24%
Ukraine
24%
United Kingdom
24%
Venezuela
24%
Azerbaijan
23%
Belgium
23%
Bhutan
23%
Bosnia and Herzegovina
23%
Botswana
23%
Costa Rica
23%
Czech Republic
23%
D.R Congo
23%
Ethiopia
23%
Finland
23%
Greece
23%
Ireland
23%
Netherlands
23%
Cape Verde
22%
Djibouti
22%
Eritrea
22%
Mozambique
22%
Namibia
22%
Nepal
22%
Nigeria
22%
Panama
22%
South Korea
22%
Switzerland
22%
Chad
20%
Dominican Republic
20%
Estonia
20%
Iraq
20%
Libya
20%
Malaysia
20%
Maldives
20%
Nicaragua
20%
Niger
20%
Oman
20%
Romania
20%
Slovakia
20%
Taiwan
20%
Cameroon
19%
Croatia
19%
El Salvador
19%
Israel
19%
Jamaica
19%
Lithuania
19%
Mauritania
19%
Papua New Guinea
19%
Somalia
19%
Sudan
19%
Suriname
19%
Turkey
19%
Belize
18%
Burkina Faso
18%
Georgia
18%
Guatemala
18%
Kenya
18%
Laos
18%
Senegal
18%
Serbia
18%
Tunisia
18%
United Arab Emirates
18%
Vietnam
18%
Zambia
18%
Zimbabwe
18%
Burma
17%
Cote d'Ivoire
17%
Cyprus
17%
Equatorial Guinea
17%
Eswatini
17%
Haiti
17%
Hungary
17%
Jordan
17%
Kuwait
17%
Latvia
17%
Lebanon
17%
Malawi
17%
Qatar
17%
Rwanda
17%
Slovenia
17%
South Sudan
17%
Syria
17%
Thailand
17%
Benin
16%
Bulgaria
16%
Comoros
16%
Ghana
16%
Guyana
16%
Honduras
16%
Liberia
16%
Mali
16%
Malta
16%
Mauritius
16%
Moldova
16%
Montenegro
16%
North Macedonia
16%
Seychelles
16%
Sierra Leone
16%
Sri Lanka
16%
Tanzania
16%
Yemen
16%
Burundi
15%
Gabon
15%
Luxembourg
15%
Palau
15%
Sao Tome and Principe
15%
Uganda
15%
Antigua and Barbuda
14%
Brunei
14%
Fiji
14%
Guinea-Bissau
14%
Kiribati
14%
Kyrgyzstan
14%
Guinea
13%
Kosovo
13%
Marshall Islands
13%
Nauru
13%
Republic of Congo
13%
Solomon Islands
13%
Tajikistan
13%
Timor-Leste
13%
Togo
13%
Turkmenistan
13%
Uzbekistan
13%
Bahrain
11%
Micronseia
11%
Barbados
10%
Gambia
10%
Liechtenstein
9%
Singapore
9%
Trinidad and Tobago
9%
Dominica
8%
Samoa
8%
Vanuatu
8%
Monaco
7%
San Marino
7%
Tonga
7%
Tuvalu
7%
Grenada
6%
St Kitts and Nevis
5%
St Vincent and the Grenadines
5%
St Lucia
3%
No matching quizzes found
Score Distribution
Percent of People with Each Score
Percentile by Number Answered
Your Score History
You have not taken this quiz since the last reset